Poroškovyje i kompozicionnyje materialy /
Gespeichert in:
| 1. Verfasser: | |
|---|---|
| Format: | Buch |
| Sprache: | Russisch |
| Veröffentlicht: |
Moskva :
Nauka,
1976
|
| Schlagworte: | |
| Tags: |
Keine Tags, Fügen Sie das erste Tag hinzu!
|
MARC
| LEADER | 00000nam a22000003a 4500 | ||
|---|---|---|---|
| 001 | stu35233 | ||
| 005 | 20150617225731.0 | ||
| 008 | 920413s1976----xxr-----------------rus-d | ||
| 040 | |a STU |b slo | ||
| 041 | 0 | |a rus | |
| 044 | |a xxr | ||
| 080 | |a 669.2/.8 | ||
| 080 | |a 621.762 | ||
| 100 | 1 | |a Cukerman, S.A |4 aut | |
| 245 | 1 | |a Poroškovyje i kompozicionnyje materialy / |c [aut.]S.A. Cukerman | |
| 260 | |a Moskva : |b Nauka, |c 1976 | ||
| 300 | |a 127 s | ||
| 650 | 7 | |a Materiály práškové |2 stusub | |
| 650 | 7 | |a materiály kompozitné |2 stusub | |
| 996 | |b 284M061937 |c M*3333-1 |l MMKN |s A |a 24 |w stu35233_0001 | ||